<?xml version="1.0" encoding="UTF-8"?>
<record
    xmlns:xsi="http://www.w3.org/2001/XMLSchema-instance"
    xsi:schemaLocation="http://www.loc.gov/MARC21/slim http://www.loc.gov/standards/marcxml/schema/MARC21slim.xsd"
    xmlns="http://www.loc.gov/MARC21/slim">

  <leader>01354nam0a2200337   4500</leader>
  <controlfield tag="001">RU\NLR\bibl\1483215</controlfield>
  <controlfield tag="005">20250616010224.0</controlfield>
  <datafield tag="010" ind1=" " ind2=" ">
    <subfield code="a">978-5-17-062749-3</subfield>
    <subfield code="b">&#x410;&#x421;&#x422;</subfield>
    <subfield code="9">4000</subfield>
  </datafield>
  <datafield tag="010" ind1=" " ind2=" ">
    <subfield code="a">978-5-271-25597-7</subfield>
    <subfield code="b">&#x410;&#x441;&#x442;&#x440;&#x435;&#x43B;&#x44C;</subfield>
  </datafield>
  <datafield tag="021" ind1=" " ind2=" ">
    <subfield code="a">RU</subfield>
    <subfield code="b">2010-2786</subfield>
    <subfield code="9">167</subfield>
  </datafield>
  <datafield tag="035" ind1=" " ind2=" ">
    <subfield code="a">(NLR Aleph) 001474843</subfield>
  </datafield>
  <datafield tag="090" ind1=" " ind2=" ">
    <subfield code="a">1666612</subfield>
    <subfield code="c">1666612</subfield>
  </datafield>
  <datafield tag="100" ind1=" " ind2=" ">
    <subfield code="a">20100127d2009    |||y0rusy50      ca</subfield>
  </datafield>
  <datafield tag="101" ind1="1" ind2=" ">
    <subfield code="a">rus</subfield>
    <subfield code="c">spa</subfield>
  </datafield>
  <datafield tag="102" ind1=" " ind2=" ">
    <subfield code="a">RU</subfield>
  </datafield>
  <datafield tag="105" ind1=" " ind2=" ">
    <subfield code="a">ac  |||||||||</subfield>
  </datafield>
  <datafield tag="200" ind1="1" ind2=" ">
    <subfield code="a">&#x420;&#x438;&#x441;&#x443;&#x43D;&#x43E;&#x43A;. &#x41F;&#x435;&#x440;&#x432;&#x44B;&#x435; &#x448;&#x430;&#x433;&#x438;</subfield>
    <subfield code="e">&#x43F;&#x440;&#x430;&#x43A;&#x442;&#x438;&#x447;&#x435;&#x441;&#x43A;&#x438;&#x439; &#x43A;&#x443;&#x440;&#x441;</subfield>
    <subfield code="f">[&#x43E;&#x442;&#x432;. &#x440;&#x435;&#x434;. &#x415;. &#x421; &#x420;&#x43E;&#x437;&#x430;&#x43D;&#x43E;&#x432;&#x430;</subfield>
    <subfield code="g">&#x43F;&#x435;&#x440;. &#x441; &#x438;&#x441;&#x43F;. &#x410;. &#x421;. &#x41A;&#x443;&#x432;&#x430;&#x435;&#x432;&#x43E;&#x439;]</subfield>
  </datafield>
  <datafield tag="210" ind1=" " ind2=" ">
    <subfield code="a">&#x41C;&#x43E;&#x441;&#x43A;&#x432;&#x430;</subfield>
    <subfield code="c">&#x410;&#x421;&#x422;</subfield>
    <subfield code="c">&#x410;&#x441;&#x442;&#x440;&#x435;&#x43B;&#x44C;</subfield>
    <subfield code="d">2009</subfield>
  </datafield>
  <datafield tag="215" ind1=" " ind2=" ">
    <subfield code="a">185, [2] &#x441;.</subfield>
    <subfield code="c">&#x438;&#x43B;., &#x446;&#x432;. &#x438;&#x43B;., &#x43F;&#x43E;&#x440;&#x442;&#x440;.</subfield>
    <subfield code="d">26</subfield>
  </datafield>
  <datafield tag="300" ind1=" " ind2=" ">
    <subfield code="a">&#x417;&#x430;&#x433;&#x43B;. &#x43E;&#x440;&#x438;&#x433;.: Curso pr&#xE1;ctico de dibujo. Introducci&#xF3;n al dibujo</subfield>
  </datafield>
  <datafield tag="454" ind1=" " ind2="0">
    <subfield code="1">2001#$aCurso pr&#xE1;ctico de dibujo. Introducci&#xF3;n al dibujo</subfield>
    <subfield code="t">Curso pr&#xE1;ctico de dibujo. Introducci&#xF3;n al dibujo</subfield>
  </datafield>
  <datafield tag="606" ind1="1" ind2=" ">
    <subfield code="a">&#x420;&#x438;&#x441;&#x443;&#x43D;&#x43E;&#x43A;</subfield>
    <subfield code="j">&#x41F;&#x440;&#x430;&#x43A;&#x442;&#x438;&#x447;&#x435;&#x441;&#x43A;&#x438;&#x435; &#x43F;&#x43E;&#x441;&#x43E;&#x431;&#x438;&#x44F;</subfield>
    <subfield code="x">&#x422;&#x435;&#x445;&#x43D;&#x438;&#x43A;&#x430;</subfield>
    <subfield code="9">1518987</subfield>
    <subfield code="3">RU\NLR\auth\66961977</subfield>
  </datafield>
  <datafield tag="686" ind1=" " ind2=" ">
    <subfield code="a">&#x429;15&#x44F;78-1</subfield>
    <subfield code="2">rubbk</subfield>
  </datafield>
  <datafield tag="686" ind1=" " ind2=" ">
    <subfield code="a">&#x429;150.844&#x44F;7</subfield>
  </datafield>
  <datafield tag="702" ind1=" " ind2="1">
    <subfield code="a">&#x420;&#x43E;&#x437;&#x430;&#x43D;&#x43E;&#x432;&#x430;</subfield>
    <subfield code="b">&#x415;. &#x421;.</subfield>
    <subfield code="4">340</subfield>
  </datafield>
  <datafield tag="801" ind1=" " ind2="0">
    <subfield code="a">RU</subfield>
    <subfield code="b">RuMoRGB</subfield>
    <subfield code="c">20100127</subfield>
    <subfield code="g">rcr</subfield>
  </datafield>
  <datafield tag="801" ind1=" " ind2="1">
    <subfield code="a">RU</subfield>
    <subfield code="b">RuMoRGB</subfield>
    <subfield code="c">20100127</subfield>
  </datafield>
  <datafield tag="801" ind1=" " ind2="2">
    <subfield code="a">RU</subfield>
    <subfield code="b">NLR</subfield>
    <subfield code="c">20100310</subfield>
    <subfield code="g">rcr</subfield>
  </datafield>
  <datafield tag="942" ind1=" " ind2=" ">
    <subfield code="c">BOOK</subfield>
  </datafield>
  <datafield tag="980" ind1=" " ind2=" ">
    <subfield code="a">NB</subfield>
  </datafield>
  <datafield tag="995" ind1=" " ind2=" ">
    <subfield code="5">2010-03-10</subfield>
    <subfield code="a">ad</subfield>
    <subfield code="b">NLR01</subfield>
    <subfield code="c">NLR01</subfield>
    <subfield code="e">RF8</subfield>
    <subfield code="f">3121623</subfield>
    <subfield code="k">2010-7/1158</subfield>
    <subfield code="o">0</subfield>
    <subfield code="r">BOOK</subfield>
    <subfield code="s">201071158_</subfield>
  </datafield>
  <datafield tag="995" ind1=" " ind2=" ">
    <subfield code="5">2010-03-10</subfield>
    <subfield code="a">ad</subfield>
    <subfield code="b">NLR01</subfield>
    <subfield code="c">NLR01</subfield>
    <subfield code="e">RF8</subfield>
    <subfield code="f">3121624</subfield>
    <subfield code="k">2010-7/1158</subfield>
    <subfield code="o">0</subfield>
    <subfield code="r">BOOK</subfield>
    <subfield code="s">201071158_</subfield>
  </datafield>
</record>
